000 00669nam a2200241Ia 4500
003 OSt
005 20221005131814.0
006 a|||||r|||| 00| 0
007 ta
008 221004b |||||||| |||| 00| 0 ara d
020 _c120
024 _a269
037 _b01, 26/03/2007, Nadwi Publications
_cTextual
040 _aCRL
_cCRL
_bara
041 _2ara
_aara
082 _aO28:g, K5;M6
100 _aHaikal Mohammad Hussain Au.
245 0 _aSuratul adab
260 _c1986
650 _aARABIC LITERATURE
942 _hO28:g, K5;M6
_cTEXL
_2cc
999 _c1061463
_d1061463